Bankiers sind auch menschen
Gardado en:
| Formato: | Libro |
|---|---|
| Idioma: | Undetermined |
| Publicado: |
Germany
Societats-Verlag
1973
|
| Những chủ đề: | |
| Các nhãn: |
Engadir etiqueta
Sen Etiquetas, Sexa o primeiro en etiquetar este rexistro!
|
| Thư viện lưu trữ: | Trung tâm Học liệu Trường Đại học Cần Thơ |
|---|
| LEADER | 00445nam a2200157Ia 4500 | ||
|---|---|---|---|
| 001 | CTU_86985 | ||
| 008 | 210402s9999 xx 000 0 und d | ||
| 082 | |a 920 | ||
| 082 | |b B218 | ||
| 245 | 0 | |a Bankiers sind auch menschen | |
| 260 | |a Germany | ||
| 260 | |b Societats-Verlag | ||
| 260 | |c 1973 | ||
| 650 | |a Bethmann, gebrüder, frankfurt am main,Bethmann family | ||
| 904 | |i Tuyến | ||
| 980 | |a Trung tâm Học liệu Trường Đại học Cần Thơ | ||